000 00288nam a22001337a 4500
008 170516b xxu||||| |||| 00| 0 eng d
020 _a9780345303639
041 _aeng
080 _a94
100 _a16
101 _aSHH
245 _aPRACTING HISTORY
_cTUCHMAN.R.W
942 _2udc
_cBK
999 _c13390
_d13390